Loading...
| Fine Arts - Painting and Sculpture | 0 | 7 | 0 | 2 | 70 | 39 | 84.14 | 0 | 6 | 0.00 | 0.00 |
| Literature - American | 0 | 6 | 0 | 1 | 60 | 48 | 84.33 | 0 | 4 | 0.00 | 0.00 |
| Fine Arts - Other | 0 | 5 | 0 | 0 | 50 | 37 | 65.20 | 3 | 4 | 0.00 | 0.00 |
| Literature - British | 0 | 4 | 0 | 1 | 40 | 70 | 83.25 | 0 | 4 | 0.00 | 0.00 |
| Literature - European | 0 | 4 | 0 | 2 | 40 | 75 | 95.00 | 0 | 0 | 0.00 | 0.00 |
| Fine Arts - Classical Music | 0 | 2 | 0 | 1 | 20 | 93 | 110.00 | 0 | 2 | 0.00 | 0.00 |
| History - American | 0 | 2 | 0 | 1 | 20 | 31 | 68.00 | 1 | 2 | 0.00 | 0.00 |
| Philosophy | 0 | 2 | 0 | 0 | 20 | 30 | 68.00 | 1 | 1 | 0.00 | 0.00 |
| History - World | 0 | 1 | 0 | 0 | 10 | 50 | 50.00 | 0 | 0 | 0.00 | 0.00 |
| Science - Biology | 0 | 1 | 0 | 1 | 10 | 98 | 98.00 | 0 | 1 | 0.00 | 0.00 |
| Science - Other | 0 | 1 | 0 | 0 | 10 | 77 | 77.00 | 0 | 1 | 0.00 | 0.00 |
| History - European | 0 | 1 | 0 | 0 | 10 | 67 | 67.00 | 0 | 0 | 0.00 | 0.00 |
| Literature - World | 0 | 1 | 0 | 0 | 10 | 93 | 93.00 | 0 | 1 | 0.00 | 0.00 |
| Popular Culture | 0 | 1 | 0 | 0 | 10 | 40 | 40.00 | 1 | 1 | 0.00 | 0.00 |
| Religion | 0 | 1 | 0 | 0 | 10 | 50 | 50.00 | 0 | 0 | 0.00 | 0.00 |
| Geography | 0 | 1 | 1 | 0 | 5 | 46 | 46.00 | 0 | 0 | 0.00 | 0.00 |
| Mythology | 0 | 1 | 1 | 0 | 5 | 75 | 75.00 | 0 | 1 | 0.00 | 0.00 |
| Science - Physics | 0 | 0 | 0 | 0 | 0 | 0.00 | 0 | 0 | 0.00 | 0.00 |